8 mots dans mots : fin (mort subite) - Statistiques

Statistiques générales
  • Ce quiz a été pris 42 fois
  • Le résultat moyen est 5 sur 8
Answers on the Grid
Answers color-coded by a green-red scale on the quiz's grid according to % correct below.
Auto---ancer
Dé---estration
Dé---sivement
Indé---dable
Dé---itionnelle
Super---ition
Peau---er
Pour---dre
Electroraf---age
Autodé---se
Prédé---ir
Indé---issable
Pour---dus
---fenugrec
Dé---deresse
Interdé---issable
 
Statistiques - réponses
Réponse % Correct
Auto---ancer
93%
Peau---er
67%
Prédé---ir
67%
Indé---issable
63%
Interdé---issable
63%
Dé---itionnelle
57%
Electroraf---age
50%
Super---ition
50%
Aucun quiz correspondant
Distribution des résultats
% des personnes avec chaque résultat
Percentile par nombre de réponses
Votre historique - résultats
Vous n’avez pas pris ce quiz